History Quiz

Random History Quiz

J14 1 Rosie Quiz Stats

 Plays Quiz not verified by Sporcle

Challenge
Share
Tweet
Embed
Score 0/7 Timer 10:00
0 Plays Today
Hint Answer % Correct
At what age did Jackson join the local militia?13
100%
What is another word for tariffs?taxes
50%
What is Andrew Jackson's nickname?Old Hickory
50%
Approximately how many people came to Jackson's Inauguration?10,000
0%
How many brothers did Jackson have?2
0%
What town did Jackson work in as a lawyer?Salisbury
0%
0%

You're not logged in!

Compare scores with friends on all Sporcle quizzes.
OR
Log In

You Might Also Like...

Show Comments

Extras

Created Mar 4, 2014ReportNominate

Top Quizzes Today


Score Distribution

Your Account Isn't Verified!

In order to create a playlist on Sporcle, you need to verify the email address you used during registration. Go to your Sporcle Settings to finish the process.

Report this User

Report this user for behavior that violates our Community Guidelines.

Details: